The secret servant / (Record no. 11448)
[ view plain ]
| 000 -LEADER | |
|---|---|
| fixed length control field | 00656cam a2200241 i 4500 |
| 001 - CONTROL NUMBER | |
| control field | 4662581 |
| 003 - CONTROL NUMBER IDENTIFIER | |
| control field | OSt |
| 005 - DATE AND TIME OF LATEST TRANSACTION | |
| control field | 20140310182255.0 |
| 008 - FIXED-LENGTH DATA ELEMENTS--GENERAL INFORMATION | |
| fixed length control field | 800409s1980 nyu 000 1 eng |
| 010 ## - LIBRARY OF CONGRESS CONTROL NUMBER | |
| LC control number | 80014712 |
| 020 ## - INTERNATIONAL STANDARD BOOK NUMBER | |
| International Standard Book Number | 034529744x |
| 040 ## - CATALOGING SOURCE | |
| Original cataloging agency | DLC |
| Transcribing agency | DLC |
| Modifying agency | DLC |
| -- | OCoLC |
| 050 00 - LIBRARY OF CONGRESS CALL NUMBER | |
| Classification number | PR 6062.Y3 |
| Item number | .L981 1981 |
| 082 00 - DEWEY DECIMAL CLASSIFICATION NUMBER | |
| Classification number | FIC |
| Item number | L98s 1980 |
| 100 1# - MAIN ENTRY--PERSONAL NAME | |
| Personal name | Lyall, Gavin. |
| 9 (RLIN) | 18433 |
| 245 14 - TITLE STATEMENT | |
| Title | The secret servant / |
| Statement of responsibility, etc | Gavin Lyall. |
| 260 ## - PUBLICATION, DISTRIBUTION, ETC. (IMPRINT) | |
| Place of publication, distribution, etc | New York : |
| Name of publisher, distributor, etc | Viking Press, |
| Date of publication, distribution, etc | c1981. |
| 300 ## - PHYSICAL DESCRIPTION | |
| Extent | 236 p. : |
| Dimensions | 18 cm. |
| 655 #7 - INDEX TERM--GENRE/FORM | |
| Genre/form data or focus term | Spy stories. |
| Source of term | gsafd |
| 9 (RLIN) | 4765 |
| 906 ## - LOCAL DATA ELEMENT F, LDF (RLIN) | |
| a | 7 |
| b | cbc |
| c | orignew |
| d | 1 |
| e | ocip |
| f | 19 |
| g | y-gencatlg |
| 942 ## - ADDED ENTRY ELEMENTS (KOHA) | |
| Source of classification or shelving scheme | Library of Congress Classification |
| Koha item type | |
| Withdrawn status | Lost status | Source of classification or shelving scheme | Damaged status | Home library | Current library | Shelving location | Date acquired | Total Checkouts | Full call number | Barcode | Date last seen | Copy number | Price effective from | Koha item type |
|---|---|---|---|---|---|---|---|---|---|---|---|---|---|---|
| Library of Congress Classification | Luxembourg Library | Luxembourg Library | Fiction Section | 09/17/2013 | PR 6062.Y3 .L981 1981 | 6772 | 05/27/2015 | 1 | 09/17/2013 | Books |